| 000 | 00868nam a2200289Ia 4500 | ||
|---|---|---|---|
| 001 | Para_8289 | ||
| 003 | CHAP | ||
| 008 | 220125s9999 xx 000 0 und d | ||
| 010 | _a207045 | ||
| 040 | _cCHAP | ||
| 082 | _aPA-C 595.752 A6 | ||
| 100 |
_aSmith, John B. _9107051 |
||
| 245 |
_aNote on the wheat louse / _c by John B. Smith |
||
| 260 |
_aNew Brunswick, N.J. : _b Agricultural College Experiment Station |
||
| 300 | _a2 p. | ||
| 440 |
_aAphidae; 9 _9171887 |
||
| 500 | _aEncuadernado con otros impresos similares | ||
| 650 |
_a _x Afididos _x Colecciones de escritos _x Trigo _x plagas _9173485 |
||
| 710 |
_aNew Jersey. Agr. Exp. Sta. Bull.; 67 _9173486 |
||
| 901 | _aPA-C 595.752 A6 | ||
| 902 | _aA | ||
| 905 | _a000000 0000000000 00 | ||
| 910 | _a | ||
| 942 | _cPARA | ||
| 942 |
_cPARA _d1 |
||
| 999 |
_c207045 _d207045 |
||